Normal view
MARC view
- Geng, Veronica
Entry Personal Name
001 - CONTROL NUMBER
- control field: 90257
003 - CONTROL NUMBER IDENTIFIER
- control field: NUST
005 - DATE AND TIME OF LATEST TRANSACTION
- control field: 20220305145243.0
008 - FIXED-LENGTH DATA ELEMENTS
- fixed length control field: 220305|| aca||aabn | a|a d
040 ## - CATALOGING SOURCE
- Original cataloging agency: NUST
- Transcribing agency: NUST
100 ## - HEADING--PERSONAL NAME
- Personal name: Geng, Veronica
670 ## - SOURCE DATA FOUND
- Source citation: Work cat.: (NUST)0: Geng, Steve. 90256, Thick as thieves :, 2007.
